{"text_format":"3","workbook":"xlsx","n_sheets":1,"sheets":["t643"],"read":"whole","date_system":"1900"}

{"sheet":"t643","index":0,"n_rows":169,"n_cols":7,"rows_kept":169,"merged":[[0,0,0,6],[28,0,28,5],[42,0,42,5],[149,0,149,5]]}
["TABELA 643.1 - Estatísticas Agrícolas, Município de Nantes, Estado de São Paulo, 2016/17."]
["ITEM","UNIDADE","N.DE UPAs","MÍNIMO","MÉDIO","MÁXIMO","TOTAL"]
["Distância à sede do município","km",159,0.1,{"v":8.79,"d":"8.8"},{"v":28,"d":"28.0"},"-"]
["Área total","hectare",159,1.5,{"v":153.93,"d":"153.9"},{"v":1684.6,"d":"1,684.6"},{"v":24474.61,"d":"24,474.6"}]
["Área com cultura perene","hectare",7,0.5,{"v":30.76,"d":"30.8"},{"v":205,"d":"205.0"},215.3]
["Área com cultura temporária","hectare",125,0.5,{"v":119.64,"d":"119.6"},{"v":1553,"d":"1,553.0"},{"v":14955.46,"d":"14,955.5"}]
["Área com pastagem","hectare",74,0.6,84.4,960.5,{"v":6245.7,"d":"6,245.7"}]
["Área com reflorestamento","hectare",5,0.2,189.3,{"v":894,"d":"894.0"},946.5]
["Área com vegetação natural","hectare",86,0.2,{"v":20.78,"d":"20.8"},{"v":297,"d":"297.0"},{"v":1786.74,"d":"1,786.7"}]
["Área com vegetação de brejo e várzea","hectare",9,0.2,{"v":5.13,"d":"5.1"},{"v":20,"d":"20.0"},46.2]
["Área em descanso","hectare",11,0.3,{"v":6.44,"d":"6.4"},{"v":17,"d":"17.0"},{"v":70.85,"d":"70.9"}]
["Área complementar","hectare",101,{"v":0.08,"d":"0.1"},{"v":2.06,"d":"2.1"},{"v":20,"d":"20.0"},{"v":207.86,"d":"207.9"}]
["Área das UPAs com (0, 1] ha","hectare","-","-","-","-","-"]
["Área das UPAs com (1, 2] ha","hectare",5,1.5,1.7,{"v":2,"d":"2.0"},8.5]
["Área das UPAs com (2, 5] ha","hectare",9,2.1,{"v":3.07,"d":"3.1"},4.8,27.6]
["Área das UPAs com (5, 10] ha","hectare",10,5.4,{"v":7.12,"d":"7.1"},9.7,{"v":71.18,"d":"71.2"}]
["Área das UPAs com (10, 20] ha","hectare",17,10.3,{"v":15.01,"d":"15.0"},19.4,255.2]
["Área das UPAs com (20, 50] ha","hectare",46,20.5,{"v":32.83,"d":"32.8"},48.4,{"v":1510.3,"d":"1,510.3"}]
["Área das UPAs com (50, 100] ha","hectare",32,50.5,{"v":74.61,"d":"74.6"},96.8,{"v":2387.5,"d":"2,387.5"}]
["Área das UPAs com (100, 200] ha","hectare",11,{"v":105,"d":"105.0"},{"v":137.32,"d":"137.3"},199.6,{"v":1510.47,"d":"1,510.5"}]
["Área das UPAs com (200, 500] ha","hectare",14,224.1,{"v":310.32,"d":"310.3"},{"v":484,"d":"484.0"},{"v":4344.46,"d":"4,344.5"}]
["Área das UPAs com (500, 1.000] ha","hectare",8,{"v":501,"d":"501.0"},{"v":646.93,"d":"646.9"},{"v":876,"d":"876.0"},{"v":5175.4,"d":"5,175.4"}]
["Área das UPAs com (1.000, 2.000] ha","hectare",7,{"v":1009,"d":"1,009.0"},{"v":1312,"d":"1,312.0"},{"v":1684.6,"d":"1,684.6"},{"v":9184,"d":"9,184.0"}]
["Área das UPAs com (2.000, 5.000] ha","hectare","-","-","-","-","-"]
["Área das UPAs com (5.000, 10.000] ha","hectare","-","-","-","-","-"]
["Área das UPAs acima de 10.000 ha","hectare","-","-","-","-","-"]
["Fonte: Secretaria de Agricultura e Abastecimento, CDRS/IEA, Projeto LUPA."]
[]
["TABELA 643.2 - Explorações Animais, Município de Nantes, Estado de São Paulo, 2016/17."]
["ITEM","UNIDADE","N.DE UPAs","MÍNIMO","MÉDIO","MÁXIMO","TOTAL"]
["Apicultura","colmeias",1,{"v":50,"d":"50.0"},{"v":50,"d":"50.0"},{"v":50,"d":"50.0"},{"v":50,"d":"50.0"}]
["Asininos e muares","cabecas",1,{"v":4,"d":"4.0"},{"v":4,"d":"4.0"},{"v":4,"d":"4.0"},{"v":4,"d":"4.0"}]
["Avicultura de corte","cabecas/ano",1,{"v":50,"d":"50.0"},{"v":50,"d":"50.0"},{"v":50,"d":"50.0"},{"v":50,"d":"50.0"}]
["Bovinocultura de corte","cabecas",16,{"v":20,"d":"20.0"},{"v":612.81,"d":"612.8"},{"v":3000,"d":"3,000.0"},{"v":9805,"d":"9,805.0"}]
["Bovinocultura leiteira","cabecas",13,{"v":2,"d":"2.0"},{"v":63.15,"d":"63.2"},{"v":400,"d":"400.0"},{"v":821,"d":"821.0"}]
["Bovinocultura mista","cabecas",28,{"v":5,"d":"5.0"},{"v":137.96,"d":"138.0"},{"v":1300,"d":"1,300.0"},{"v":3863,"d":"3,863.0"}]
["Caprinocultura","cabecas",2,{"v":20,"d":"20.0"},{"v":25,"d":"25.0"},{"v":30,"d":"30.0"},{"v":50,"d":"50.0"}]
["Equinocultura","cabecas",32,{"v":1,"d":"1.0"},{"v":6.44,"d":"6.4"},{"v":40,"d":"40.0"},{"v":206,"d":"206.0"}]
["Ovinocultura","cabecas",4,{"v":20,"d":"20.0"},{"v":40,"d":"40.0"},{"v":90,"d":"90.0"},{"v":160,"d":"160.0"}]
["Suinocultura","cabecas",3,{"v":20,"d":"20.0"},{"v":23.67,"d":"23.7"},{"v":30,"d":"30.0"},{"v":71,"d":"71.0"}]
["Fonte: Secretaria de Agricultura e Abastecimento, CDRS/IEA, Projeto LUPA."]
[]
["TABELA 643.3 -  Máquinas, Implementos e Benfeitorias, Município de Nantes, Estado de São Paulo, 2016/17."]
["ITEM","UNIDADE","N.DE UPAs","MÍNIMO","MÉDIO","MÁXIMO","TOTAL"]
["Arado comum (bacia, aiveca)","unidade",13,{"v":1,"d":"1.0"},{"v":1.23,"d":"1.2"},{"v":2,"d":"2.0"},{"v":16,"d":"16.0"}]
["Arado escarificador","unidade",10,{"v":1,"d":"1.0"},1.2,{"v":2,"d":"2.0"},{"v":12,"d":"12.0"}]
["Arado subsolador","unidade",5,{"v":1,"d":"1.0"},1.4,{"v":2,"d":"2.0"},{"v":7,"d":"7.0"}]
["Batedeira de cereais","unidade",1,{"v":1,"d":"1.0"},{"v":1,"d":"1.0"},{"v":1,"d":"1.0"},{"v":1,"d":"1.0"}]
["Colhedeira acoplada","unidade",3,{"v":1,"d":"1.0"},{"v":1.67,"d":"1.7"},{"v":3,"d":"3.0"},{"v":5,"d":"5.0"}]
["Colhedeira automotriz","unidade",2,{"v":1,"d":"1.0"},{"v":1,"d":"1.0"},{"v":1,"d":"1.0"},{"v":2,"d":"2.0"}]
["Computador","unidade",1,{"v":1,"d":"1.0"},{"v":1,"d":"1.0"},{"v":1,"d":"1.0"},{"v":1,"d":"1.0"}]
["Conj.irrigacao autopropelido","unidade",1,{"v":1,"d":"1.0"},{"v":1,"d":"1.0"},{"v":1,"d":"1.0"},{"v":1,"d":"1.0"}]
["Conj.irrigacao convencional","unidade",1,{"v":1,"d":"1.0"},{"v":1,"d":"1.0"},{"v":1,"d":"1.0"},{"v":1,"d":"1.0"}]
["Conj.irrigacao pivot central","unidade",1,{"v":1,"d":"1.0"},{"v":1,"d":"1.0"},{"v":1,"d":"1.0"},{"v":1,"d":"1.0"}]
["Conjunto de fenacao","unidade",4,{"v":1,"d":"1.0"},{"v":1,"d":"1.0"},{"v":1,"d":"1.0"},{"v":4,"d":"4.0"}]
["Desintegrador de palha (plantio direto)","unidade",1,{"v":1,"d":"1.0"},{"v":1,"d":"1.0"},{"v":1,"d":"1.0"},{"v":1,"d":"1.0"}]
["Desintegrador, picador, triturador","unidade",22,{"v":1,"d":"1.0"},{"v":1.09,"d":"1.1"},{"v":2,"d":"2.0"},{"v":24,"d":"24.0"}]
["Distribuidor de calcario","unidade",9,{"v":1,"d":"1.0"},{"v":1,"d":"1.0"},{"v":1,"d":"1.0"},{"v":9,"d":"9.0"}]
["Ensiladeira","unidade",5,{"v":1,"d":"1.0"},1.8,{"v":2,"d":"2.0"},{"v":9,"d":"9.0"}]
["Grade aradora (tipo romi)","unidade",18,{"v":1,"d":"1.0"},1.5,{"v":4,"d":"4.0"},{"v":27,"d":"27.0"}]
["Grade niveladora","unidade",18,{"v":1,"d":"1.0"},1.5,{"v":3,"d":"3.0"},{"v":27,"d":"27.0"}]
["Implementos para tracao animal","unidade",3,{"v":1,"d":"1.0"},{"v":2,"d":"2.0"},{"v":3,"d":"3.0"},{"v":6,"d":"6.0"}]
["Misturador de racao","unidade",5,{"v":1,"d":"1.0"},1.2,{"v":2,"d":"2.0"},{"v":6,"d":"6.0"}]
["Mmicrotrator","unidade",1,{"v":1,"d":"1.0"},{"v":1,"d":"1.0"},{"v":1,"d":"1.0"},{"v":1,"d":"1.0"}]
["Ordenhadeira mecanica","unidade",1,{"v":1,"d":"1.0"},{"v":1,"d":"1.0"},{"v":1,"d":"1.0"},{"v":1,"d":"1.0"}]
["Pulverizador tratorizado","unidade",17,{"v":1,"d":"1.0"},{"v":1.18,"d":"1.2"},{"v":3,"d":"3.0"},{"v":20,"d":"20.0"}]
["Resfriador de leite, tanque expansao","unidade",3,{"v":1,"d":"1.0"},{"v":1,"d":"1.0"},{"v":1,"d":"1.0"},{"v":3,"d":"3.0"}]
["Roçadora","unidade",1,{"v":1,"d":"1.0"},{"v":1,"d":"1.0"},{"v":1,"d":"1.0"},{"v":1,"d":"1.0"}]
["Semeadeira/adubadeira para plantio convencional","unidade",4,{"v":1,"d":"1.0"},{"v":1.75,"d":"1.8"},{"v":3,"d":"3.0"},{"v":7,"d":"7.0"}]
["Semeadeira/plantadeira plantio direto","unidade",11,{"v":1,"d":"1.0"},{"v":1.27,"d":"1.3"},{"v":3,"d":"3.0"},{"v":14,"d":"14.0"}]
["Tanque rede","m3",1,{"v":10,"d":"10.0"},{"v":10,"d":"10.0"},{"v":10,"d":"10.0"},{"v":10,"d":"10.0"}]
["Tecnologias de gps para controle de máquinas","unidade",1,{"v":1,"d":"1.0"},{"v":1,"d":"1.0"},{"v":1,"d":"1.0"},{"v":1,"d":"1.0"}]
["Terraceador","unidade",4,{"v":1,"d":"1.0"},{"v":1,"d":"1.0"},{"v":1,"d":"1.0"},{"v":4,"d":"4.0"}]
["Trator de esteiras","unidade",1,{"v":1,"d":"1.0"},{"v":1,"d":"1.0"},{"v":1,"d":"1.0"},{"v":1,"d":"1.0"}]
["Trator de pneus  acima de 85 cv","unidade",25,{"v":1,"d":"1.0"},{"v":2.56,"d":"2.6"},{"v":9,"d":"9.0"},{"v":64,"d":"64.0"}]
["Trator de pneus até 65 cv","unidade",6,{"v":1,"d":"1.0"},{"v":1,"d":"1.0"},{"v":1,"d":"1.0"},{"v":6,"d":"6.0"}]
["Acude/represa","unidade",36,{"v":1,"d":"1.0"},{"v":1.92,"d":"1.9"},{"v":5,"d":"5.0"},{"v":69,"d":"69.0"}]
["Almoxarifado/oficina","unidade",10,{"v":1,"d":"1.0"},1.1,{"v":2,"d":"2.0"},{"v":11,"d":"11.0"}]
["Armazem para graos ensacados","sacas",1]
["Balanca para bovinos","unidade",15,{"v":1,"d":"1.0"},{"v":1.07,"d":"1.1"},{"v":2,"d":"2.0"},{"v":16,"d":"16.0"}]
["Balanca para veiculos","unidade",1,{"v":1,"d":"1.0"},{"v":1,"d":"1.0"},{"v":1,"d":"1.0"},{"v":1,"d":"1.0"}]
["Barracao/galpao/garagem","unidade",30,{"v":1,"d":"1.0"},{"v":1.43,"d":"1.4"},{"v":4,"d":"4.0"},{"v":43,"d":"43.0"}]
["Casa de moradia habitada","unidade",56,{"v":1,"d":"1.0"},{"v":2.71,"d":"2.7"},{"v":41,"d":"41.0"},{"v":152,"d":"152.0"}]
["Casa de moradia total","unidade",86,{"v":1,"d":"1.0"},{"v":3.05,"d":"3.1"},{"v":41,"d":"41.0"},{"v":262,"d":"262.0"}]
["Curral/mangueira","unidade",66,{"v":1,"d":"1.0"},{"v":1.03,"d":"1.0"},{"v":2,"d":"2.0"},{"v":68,"d":"68.0"}]
["Deposito/tulha","unidade",48,{"v":1,"d":"1.0"},{"v":1.08,"d":"1.1"},{"v":2,"d":"2.0"},{"v":52,"d":"52.0"}]
["Fabrica de racao","unidade",1,{"v":1,"d":"1.0"},{"v":1,"d":"1.0"},{"v":1,"d":"1.0"},{"v":1,"d":"1.0"}]
["Instalacoes para equinos","unidade",1,{"v":1,"d":"1.0"},{"v":1,"d":"1.0"},{"v":1,"d":"1.0"},{"v":1,"d":"1.0"}]
["Maquina de beneficio","unidade",1,{"v":1,"d":"1.0"},{"v":1,"d":"1.0"},{"v":1,"d":"1.0"},{"v":1,"d":"1.0"}]
["Pocilga","unidade",4,{"v":1,"d":"1.0"},{"v":1,"d":"1.0"},{"v":1,"d":"1.0"},{"v":4,"d":"4.0"}]
["Poco semi-artesiano","unidade",17,{"v":1,"d":"1.0"},{"v":1,"d":"1.0"},{"v":1,"d":"1.0"},{"v":17,"d":"17.0"}]
["Secador de graos","unidade",1,{"v":1,"d":"1.0"},{"v":1,"d":"1.0"},{"v":1,"d":"1.0"},{"v":1,"d":"1.0"}]
["Silo para graos","ton",2]
["Silo para silagem","ton",3]
["Terreiro","m2",1]
["Fonte: Secretaria de Agricultura e Abastecimento, CDRS/IEA, Projeto LUPA."]
[]
["TABELA 643.4 - Outras Estatísticas Agrícolas, Município de Nantes, Estado de São Paulo, 2016/17."]
["ITEM","Número de UPAs",null,"Percentual"]
["Faz Parte de Associação de Produtores",53,null,{"v":33.333333333333336,"d":"33.3"}]
["Faz Parte de Cooperativa de Produtores",60,null,{"v":37.735849056603776,"d":"37.7"}]
["Faz Parte do Sindicato de Produtores",33,null,{"v":20.754716981132077,"d":"20.8"}]
["Não utiliza assistência técnica ",30,null,{"v":18.867924528301888,"d":"18.9"}]
["Utiliza somente assistência técnica governamental ",11,null,{"v":6.918238993710692,"d":"6.9"}]
["Utiliza somente assistência técnica privada ",21,null,{"v":13.20754716981132,"d":"13.2"}]
["Utiliza assistência técnica tanto governamental quanto privada",97,null,{"v":61.00628930817609,"d":"61.0"}]
["Utiliza Crédito Rural",41,null,{"v":25.78616352201258,"d":"25.8"}]
["Utiliza Seguro Rural",38,null,{"v":23.89937106918239,"d":"23.9"}]
["Utiliza Escrituração Agrícola",142,null,{"v":89.30817610062893,"d":"89.3"}]
["Acessa Internet p/ Fins na Agropecuária",26,null,{"v":16.352201257861633,"d":"16.4"}]
["Utiliza Computador nas Atividades Agropecuárias",28,null,{"v":17.61006289308176,"d":"17.6"}]
["Utiliza Energia Elétrica Para Uso na Atividade Agrícola",104,null,{"v":65.40880503144653,"d":"65.4"}]
["Utiliza Energia Alternativa",2,null,{"v":1.257861635220126,"d":"1.3"}]
["Realiza Análise de Solo, quando necessário",139,null,{"v":87.42138364779873,"d":"87.4"}]
["Realiza Calagem",18,null,{"v":11.320754716981133,"d":"11.3"}]
["Utiliza Práticas de Conservação de Solo, quando necessário",137,null,{"v":86.16352201257861,"d":"86.2"}]
["Faz Adubação Mineral, quando necessário",128,null,{"v":80.50314465408805,"d":"80.5"}]
["Faz Adubação Orgânica, quando necessário",28,null,{"v":17.61006289308176,"d":"17.6"}]
["Faz Adubação Verde, quando necessário",15,null,{"v":9.433962264150944,"d":"9.4"}]
["Utiliza Manejo Integrado de Pragas (MIP)",1,null,{"v":0.628930817610063,"d":"0.6"}]
["Utiliza Hidroponia","-",null,"-"]
["Utiliza Cultivo em Estufa",1,null,{"v":0.628930817610063,"d":"0.6"}]
["Utiliza Mudas Fiscalizadas",12,null,{"v":7.547169811320755,"d":"7.5"}]
["Utiliza Semente Melhorada",85,null,{"v":53.459119496855344,"d":"53.5"}]
["Faz Confinamento de Bovinos",3,null,{"v":1.8867924528301887,"d":"1.9"}]
["Utiliza Pastejo Intensivo",47,null,{"v":29.559748427672957,"d":"29.6"}]
["Faz Inseminação Artificial",2,null,{"v":1.257861635220126,"d":"1.3"}]
["Faz Mineralização do Rebanho",50,null,{"v":31.446540880503143,"d":"31.4"}]
["Faz Vermifugação do Rebanho",50,null,{"v":31.446540880503143,"d":"31.4"}]
["Possui Parceiros /Arrendatários na Exploração Animal",71,null,{"v":44.65408805031446,"d":"44.7"}]
["Existência de trabalhadores c/ deficiência na UPA",1,null,{"v":0.628930817610063,"d":"0.6"}]
["Esporte e lazer",4,null,{"v":2.515723270440252,"d":"2.5"}]
["Extração mineral","-",null,"-"]
["Hotel Fazenda, Pousada ou SPA",1,null,{"v":0.628930817610063,"d":"0.6"}]
["Pesque-pague","-",null,"-"]
["Restaurante ou Lanchonete","-",null,"-"]
["Transformação artesanal","-",null,"-"]
["Turismo rural ou ecoturismo",1,null,{"v":0.628930817610063,"d":"0.6"}]
["Outras atividades econômicas rurais","-",null,"-"]
["Agroindústria","-",null,"-"]
["Proprietário sem instrução ou com instrução incompleta",7,null,{"v":4.40251572327044,"d":"4.4"}]
["Proprietário com antigo primário completo",21,null,{"v":13.20754716981132,"d":"13.2"}]
["Proprietário com 1° grau (ou antigo ginasial) completo",29,null,{"v":18.238993710691823,"d":"18.2"}]
["Proprietário com 2° grau (ou antigo colegial) completo",40,null,{"v":25.157232704402517,"d":"25.2"}]
["Proprietário com curso superior completo ",57,null,{"v":35.84905660377358,"d":"35.8"}]
["Pessoa Jurídica",5,null,{"v":3.1446540880503147,"d":"3.1"}]
["Proprietário residente na própria UPA ",21,null,{"v":13.20754716981132,"d":"13.2"}]
["Fonte: Secretaria de Agricultura e Abastecimento, CDRS/IEA, Projeto LUPA."]
[]
["TABELA 643.5 - Área Cultivada, Município de Nantes, Estado de São Paulo, 2016/17."]
["CULTURA","N.DE UPAs","MÍNIMO","MÉDIO","MÁXIMO","TOTAL"]
["Soja",87,1.5,{"v":89.52,"d":"89.5"},866.5,{"v":7788,"d":"7,788.0"}]
["Cana-de-acucar finalidade industria",32,{"v":2,"d":"2.0"},{"v":204.28,"d":"204.3"},{"v":1553,"d":"1,553.0"},{"v":6537,"d":"6,537.0"}]
["Milho 2 safra",68,1.5,{"v":93.86,"d":"93.9"},866.5,{"v":6382.3,"d":"6,382.3"}]
["Braquiaria",74,0.6,{"v":84.13,"d":"84.1"},960.5,{"v":6225.7,"d":"6,225.7"}]
["Milho safra",25,0.5,{"v":54.96,"d":"55.0"},448.2,{"v":1374.1,"d":"1,374.1"}]
["Eucalipto",3,{"v":5,"d":"5.0"},{"v":314.43,"d":"314.4"},{"v":894,"d":"894.0"},943.3]
["Amendoim",1,{"v":343,"d":"343.0"},{"v":343,"d":"343.0"},{"v":343,"d":"343.0"},{"v":343,"d":"343.0"}]
["Cafe",3,1.3,{"v":69.97,"d":"70.0"},{"v":205,"d":"205.0"},209.9]
["Cana-de-acucar outras finalidades",5,{"v":3,"d":"3.0"},18.6,{"v":50,"d":"50.0"},{"v":93,"d":"93.0"}]
["Sorgo",2,{"v":25,"d":"25.0"},37.5,{"v":50,"d":"50.0"},{"v":75,"d":"75.0"}]
["Gramas",1,{"v":20,"d":"20.0"},{"v":20,"d":"20.0"},{"v":20,"d":"20.0"},{"v":20,"d":"20.0"}]
["Mamao",1,{"v":5,"d":"5.0"},{"v":5,"d":"5.0"},{"v":5,"d":"5.0"},{"v":5,"d":"5.0"}]
["Banana",2,0.5,{"v":1.75,"d":"1.8"},{"v":3,"d":"3.0"},3.5]
["Outras florestais",2,0.2,1.6,{"v":3,"d":"3.0"},3.2]
["Coco-da-baia",1,1.2,1.2,1.2,1.2]
["Horta domestica",1,{"v":1,"d":"1.0"},{"v":1,"d":"1.0"},{"v":1,"d":"1.0"},{"v":1,"d":"1.0"}]
["Pomar domestico",2,0.2,{"v":0.35,"d":"0.4"},0.5,0.7]
["Fonte: Secretaria de Agricultura e Abastecimento, CDRS/IEA, Projeto LUPA."]